Rimas
Wedi'i Gadw mewn:
| Prif Awdur: | |
|---|---|
| Fformat: | Llyfr |
| Iaith: | Sbaeneg |
| Cyhoeddwyd: |
Madrid
Cátedra
1981
|
| Cyfres: | Colección Letras Hispánicas, 31
|
| Pynciau: | |
| Tagiau: |
Ychwanegu Tag
Dim Tagiau, Byddwch y cyntaf i dagio'r cofnod hwn!
|
MARC
| LEADER | 00000nam a2200000 a 4500 | ||
|---|---|---|---|
| 001 | UCW5438 | ||
| 003 | CL-VaPUC | ||
| 008 | 910418e19810000SP |||||||||||||||||spa|d | ||
| 082 | 0 | 4 | |a 861 |b BEC |2 21 |
| 100 | |a Bécquer, Gustavo Adolfo |e autor |9 310425 | ||
| 245 | 1 | 0 | |a Rimas |
| 300 | |a 107 p | ||
| 942 | |c BK | ||
| 945 | |d 19910418 00:00:00 | ||
| 260 | |a Madrid |b Cátedra |c 1981 | ||
| 650 | 0 | |a Poesías españolas |9 265100 | |
| 650 | 0 | |a Crítica e interpretación |9 255042 | |
| 583 | |a last modification |c 19910418 00:00:00 |k Rodrigo Vera | ||
| 490 | 0 | |a Colección Letras Hispánicas, 31 | |
| 999 | |c 218879 |d 218877 | ||
| 952 | |0 0 |1 0 |4 0 |6 861_000000000000000_BEC_1981 |7 0 |8 A |9 209129 |a BIBEDU |b BIBEDU |d 2019-11-15 |i 276928K |o 861 BEC 1981 |p 276928K |r 2019-11-15 |w 2019-11-15 |y BK |k EDU | ||
| 952 | |0 0 |1 0 |4 0 |6 861_000000000000000_BEC_1981 |7 0 |8 A |9 209130 |a BIBEDU |b BIBEDU |d 2019-11-15 |i 2769298 |o 861 BEC 1981 |p 2769298 |r 2019-11-15 |w 2019-11-15 |y BK |k EDU | ||